000 00718nam a2200241Ia 4500
003 OSt
005 20260129103015.0
008 220923b |||||||| |||| 00| 0 eng d
020 _a0071230173
037 _cGeneral Book
040 _aRTL
_cRTL
_beng
041 _2eng
_aeng
084 _aX:(B) L8;P3/TD
_qRTL
100 _aGujarati, Damodar N.
_91112567
245 0 _aBasic econometrics.
250 _a4th
260 _a New Delhi
_bTata McGraw Hill Publishing
_c2003
300 _axxix,1002 p.
_bincludes bibliographical references and index
500 _aBibliography: P 979-82
650 _aEconometrics
_91112568
942 _hX:(B), L8; P3/TD
_cTB
_2CC
_n0
999 _c614994
_d614994